[Event "Helmut Kohls It"]
[Site "Dortmund GER"]
[Date "2010.07.25"]
[Round "9"]
[White "Zelbel,P"]
[Black "Webb,L"]
[Result "1/2-1/2"]
[WhiteElo "2345"]
[BlackElo "2313"]
[EventDate "2010.07.15"]

1. e4 e6 2. d4 d5 3. exd5 exd5 4. Bd3 Nc6 5. c3 Nf6 6. Bg5 Be7 7. Ne2 Bg4
8. h3 Bxe2 9. Qxe2 O-O 10. O-O h6 11. Bxf6 Bxf6 12. Nd2 Qd7 13. Qf3 Rae8
14. Rfe1 Rxe1+ 15. Rxe1 Re8 16. Rxe8+ Qxe8 17. Qe2 Qxe2 18. Bxe2 Ne7
1/2-1/2

[Event "Helmut Kohls It"]
[Site "Dortmund GER"]
[Date "2010.07.25"]
[Round "9"]
[White "Mainka,R"]
[Black "Saltaev,M"]
[Result "1/2-1/2"]
[WhiteElo "2484"]
[BlackElo "2495"]
[EventDate "2010.07.15"]

1. e4 c6 2. d3 d5 3. Nd2 e5 4. Ngf3 Bd6 5. d4 exd4 6. exd5 cxd5 7. Bb5+ Nc6
8. O-O a6 9. Be2 Nge7 10. Nb3 Qc7 11. h3 O-O 12. Nbxd4 Re8 13. c3 Bd7 14.
Bd3 Nxd4 15. Nxd4 Ng6 16. Bf5 Bc5 17. Bxd7 Qxd7 18. Be3 Re4 19. Nc2 1/2-1/2

[Event "Helmut Kohls It"]
[Site "Dortmund GER"]
[Date "2010.07.25"]
[Round "9"]
[White "Mladenov,Sv"]
[Black "Voicu,C"]
[Result "1/2-1/2"]
[WhiteElo "2463"]
[BlackElo "2346"]
[EventDate "2010.07.15"]

1. e4 c5 2. Nc3 Nc6 3. g3 g6 4. Bg2 Bg7 5. d3 e6 6. f4 Nge7 7. Nf3 d6 8.
O-O O-O 9. Be3 Nd4 10. Qd2 Rb8 1/2-1/2

[Event "Helmut Kohls It"]
[Site "Dortmund GER"]
[Date "2010.07.25"]
[Round "9"]
[White "Klyuner,V"]
[Black "Schmittdiel,E"]
[Result "1/2-1/2"]
[WhiteElo "2443"]
[BlackElo "2485"]
[EventDate "2010.07.15"]

1. Nf3 e6 2. g3 c5 3. Bg2 Nc6 4. O-O Nf6 5. d3 d5 6. Nbd2 Bd6 7. e4 O-O 8.
Re1 Bc7 9. c3 b5 10. exd5 exd5 11. Nb3 Bd6 12. Be3 Qb6 13. h3 a5 14. d4 c4
15. Nc5 Qc7 16. Nh4 Ne7 17. Qf3 Nd7 18. Nxd7 Bxd7 19. Bf4 Bxf4 20. Qxf4
Qxf4 21. gxf4 Rfe8 22. Re5 Bc6 23. Rae1 Kf8 24. Kf1 Rad8 25. Bf3 Rd6 26.
Rxe7 Rxe7 27. Rxe7 Kxe7 28. Nf5+ Kd7 29. Nxd6 Kxd6 1/2-1/2

[Event "Helmut Kohls It"]
[Site "Dortmund GER"]
[Date "2010.07.25"]
[Round "9"]
[White "Kotainy,J"]
[Black "Schaefer,Mark"]
[Result "1-0"]
[WhiteElo "2299"]
[BlackElo "2382"]
[EventDate "2010.07.15"]

1. e4 e6 2. d4 d5 3. Nc3 Nf6 4. Bg5 Be7 5. e5 Nfd7 6. h4 Bxg5 7. hxg5 Qxg5
8. Qd3 h5 9. Nf3 Qe7 10. g4 h4 11. Qe3 Nb6 12. O-O-O Nc6 13. g5 Bd7 14.
Nxh4 O-O-O 15. Kb1 Kb8 16. f4 Rc8 17. Be2 Na5 18. a3 Nac4 19. Bxc4 Nxc4 20.
Qd3 g6 21. Nf3 c5 22. Rh6 Rhf8 23. Ka2 Rc6 24. Nd2 cxd4 25. Qxd4 Rfc8 26.
Rh3 Be8 27. Qf2 Qc7 28. Nb5 Qa5 29. Nxc4 Rxc4 30. Nd6 Rxc2 31. Qd4 Rd8 32.
Rh7 Qc7 33. Rh8 Bc6 34. Rdh1 Bd7 35. Nxf7 Rxh8 36. Rxh8+ Bc8 37. Nd6 Qa5
38. Qd3 Rc6 39. Qxg6 Qc5 40. Qxe6 1-0